| 000 | 01016nam a22002777a 4500 | ||
|---|---|---|---|
| 003 | DO-SdBNP | ||
| 005 | 20171206093739.0 | ||
| 008 | 161031b 1996 xxu a 00| 0 spa d | ||
| 020 | _a0673758702 | ||
| 040 |
_aBPMSU _bspa _cBPMSU |
||
| 082 |
_axxxx _bS544c |
||
| 100 | 1 | _aShelf Medearis, Angela | |
| 245 | 1 | 0 |
_aCompartiendo a un papá / _cAngela Shelf Medearis ; ilustraciones Jan Spivey Gilchrist ; adaptación Patricia Almada ; traducción Mercedes Quintana Barragán, Natalia Ruano Martinez |
| 260 |
_aEstados Unidos : _bCelebration Press, _bScott Foresman, _c1996. |
||
| 300 |
_a16 p. : _bil. ; _c18 cm. |
||
| 490 | 1 | _aPequeñitas celebraciones | |
| 700 | 1 | 2 |
_aSpivey Gilchrist, Jan _eil. |
| 700 | 1 | 2 |
_aAlmada, Patricia _eadap. |
| 700 | 1 | 2 |
_aQuintana Barragán, Mercedes _etrad. |
| 700 | 1 | 2 |
_aRuano Martinez, Natalia _etrad. |
| 830 | 0 | _aPequeñitas celebraciones | |
| 910 | _a000144 | ||
| 942 |
_2ddc _cBK |
||
| 945 | _ainventariado extranjero / DG | ||
| 956 |
_2YLOCKWARD _310 _8BPMSU _aYngrid Lockward |
||
| 999 |
_c12726 _d12726 |
||